UBT Library

Norman Rockwell: (Record no. 1043)

000 -LEADER
fixed length control field 00514nam a22001817a 4500
008 - FIXED-LENGTH DATA ELEMENTS--GENERAL INFORMATION
fixed length control field 150612b xxu||||| |||| 00| 0 eng d
020 ## - INTERNATIONAL STANDARD BOOK NUMBER
International Standard Book Number 0810920492
041 0# - LANGUAGE CODE
Language code of text/sound track or separate title eng
080 ## - UNIVERSAL DECIMAL CLASSIFICATION NUMBER
Universal Decimal Classification number 76
100 ## - Rafti
Rafti Rockwell, Norman,
100 ## - Rafti
-- 1894-1978.
245 00 - TITLE STATEMENT
Title Norman Rockwell:
Statement of responsibility, etc With text by Thomas S. Buechner.
260 ## -
-- New York,
-- Abrams
-- [1972]
300 ## -
-- 157 f. :
-- me il. :
-- 30 cm.
650 #0 -
-- Modern art
650 #0 -
-- Arti modern
700 1# -
-- Buechner, Thomas S.
942 ## - ADDED ENTRY ELEMENTS (KOHA)
Source of classification or shelving scheme
Item type Books
Holdings
Withdrawn status Lost status Source of classification or shelving scheme Damaged status Not for loan Collection code Permanent location Current location Shelving location Date acquired Total Checkouts Full call number Barcode Date last seen Price effective from Koha item type
          Koleksioni i përgjithshem UBT - Lipjan UBT - Lipjan Koleksioni i përgjithshem 06/12/2015   76 NOR 0810920492 06/12/2015 06/12/2015 Books
UBT Library © 2015-2024. All rights reserved University Education for Business and Technology